Derecha e izquierda. Razones y significados de una distinción política.

Đã lưu trong:
Chi tiết về thư mục
Tác giả chính: Bobbio, Norberto (autor)
Định dạng: Sách
Được phát hành: Madrid, España: Taurus, 1995.
Phiên bản:Cuarta edición. Nueva edición revisada y ampliada con una respuesta a los críticos.
Loạt:Pensamiento.
Những chủ đề:
Các nhãn: Thêm thẻ
Không có thẻ, Là người đầu tiên thẻ bản ghi này!

MARC

LEADER 00000nam a22000007a 4500
003 CL-VaPUC
005 20240826144617.0
008 220719t1995 ||||| |||| 00| 0 eng d
999 |c 437272  |d 437270 
020 |a 84-306-0082-5 
040 |c Pontificia Universidad Católica de Valparaíso 
082 7 |a 320.5 BOB 1995  |2 22 
100 |a Bobbio, Norberto  |9 257371  |e autor 
245 |a Derecha e izquierda.   |b Razones y significados de una distinción política.  
250 |a Cuarta edición. Nueva edición revisada y ampliada con una respuesta a los críticos.  
260 |a Madrid, España:  |b Taurus,   |c 1995. 
300 |a 187 páginas.  
490 |a Pensamiento. 
500 |a c.1 Donación Familia Prof. Alejandro Guzmán Brito. 
583 |c 20220719  |k Cristina María Rojas Aguilar 
650 |a Derecha e izquierda  |x Ciencias políticas  |9 873397 
650 0 |a Sociología política   |9 255920 
650 |a Ciencias políticas   |z Italia   |x Historia   |y Siglo 20  |9 873398 
942 |2 ddc  |c BK  |n 0 
952 |0 0  |1 0  |2 ddc  |4 0  |6 320_500000000000000_BOB_1995  |7 0  |8 C_AGB  |9 585029  |a BIBDER  |b BIBDER  |d 2022-07-19  |e Donación   |i 5653088  |o 320.5 BOB 1995  |p 5653088  |r 2023-01-25  |t 1  |w 2022-07-19  |y BK_US  |k AGB